| 000 | 00897nam a2200253 i 4500 | ||
|---|---|---|---|
| 001 | 183512 | ||
| 003 | ES-MaACL | ||
| 005 | 20231103132152.0 | ||
| 008 | 140709s2012 sp |||| | spa d | ||
| 020 | _a9788492497102 | ||
| 080 | _a159.923.2 | ||
| 100 | 1 |
_aSapés de Lema, Jordi ( _d1977-) _9154924 |
|
| 245 | 1 | 3 |
_aEl concepto de personaje en la línea de Antonio Blay / _cJordi Sapés de Lema. |
| 260 |
_aMadrid : _bManuscritos, _c2012. |
||
| 300 |
_a143 p. ; _c22 cm. |
||
| 490 | 1 | _aConciencia viva | |
| 505 | 8 |
_aContiene: ; _tDiccionario de emociones o estados de ánimo ; _tDiccionario de actitudes o respuestas mecánicas |
|
| 600 | 1 | 4 |
_aBlay Fontcuberta, Antonio. _929431 |
| 650 | 0 | 4 |
_aAutorrealización. _910441 |
| 830 | 0 |
_aConciencia viva _9224992 |
|
| 852 |
_aES-MaACL _jA-13125 _9149869 _bR.149869 _cDEPO1 _dOlim: N-6125 |
||
| 942 |
_2udc _cMONOGRAFIA |
||
| 999 |
_c183512 _d183512 |
||